000 00476cam a2200169 4500
001 5434
005 20181127175527.0
008 081007s2007 bt 000 0 eng
010 _a 2008335874
020 _a9789993695325
100 0 _aPalden, Ugyen.
_d
245 1 0 _aKoen chog sum /
_b
_cUgyen Palden and Pema Gyaltshen.
250 _a1st ed.
260 _aThimphu :
_bUgyen Palden and Pema Gyaltshen,
_c2015.
300 _a32 p. ;
_c23 cm.
651 _aBhutan
_vFiction.
_x
_y
_z
_2
999 _c4568
_d4568